000 00668nam a22002171 4500
003 OSt
005 20151109105835.0
008 900725s1964 sp spa
040 _cBMC
082 _a923.109
100 1 _a Benzoni, Juliette‏
_937061
245 1 4 _aLas reinas trágicas
_cJuliette Benzoni; [traducción, Isabel Esteban de Hernández]
250 _a1ª ed
260 _aBarcelona
_bDelos-Aymá
_c1964
300 _a361 p.
_c20 cm
490 0 _aAngélica. Confidencias de la historia
595 _aTraducción de: Les reines tragiques
650 2 4 _aReinas
_937299
_vBiografías
700 1 _aHenández, Isabel Esteban de
_937064
942 _2ddc
_cBK
999 _c23351
_d23351